00561nam a2200193 i 4500001000700000003000900007005001700016007000300033008004100036080001300077100002300090245007500113260003400188300004700222490003000269650002000299830002700319852002100346124633ES-MaACL20250823004924.0t|070413s1954 sp ||||1| spa d a78.087.51 aZamacois, Joaquim.10aTeoría de la música b: dividida en cursos / cJoaquín Zamacois. aBarcelona : bLabor, c[1954] a193 p., VI p. de lám. : bil. ; c17 cm.1 aColección Labor ; v469 7aMúsica2embne00aColección Laborv469 aES-MaACLjE-2902